Joint Ventures in Construction (Record no. 112269)
[ view plain ]
| 000 -LEADER | |
|---|---|
| fixed length control field | 02698cam a22002175a 4500 |
| 001 - CONTROL NUMBER | |
| control field | L152925 |
| 008 - FIXED-LENGTH DATA ELEMENTS--GENERAL INFORMATION | |
| fixed length control field | 110516s2009 xxk f 000 0 eng d |
| 020 ## - INTERNATIONAL STANDARD BOOK NUMBER | |
| International Standard Book Number | 9780727740496 |
| 035 ## - SYSTEM CONTROL NUMBER | |
| System control number | (Sirsi) u152925 |
| 041 0# - LANGUAGE CODE | |
| Language code of text/sound track or separate title | eng |
| 100 1# - MAIN ENTRY--PERSONAL NAME | |
| Personal name | Institute of Civil Engineers |
| 9 (RLIN) | 5948 |
| 245 00 - TITLE STATEMENT | |
| Title | Joint Ventures in Construction |
| Medium | [electronic resource] |
| 260 ## - PUBLICATION, DISTRIBUTION, ETC. | |
| Place of publication, distribution, etc. | London |
| Name of publisher, distributor, etc. | ICE |
| Date of publication, distribution, etc. | 2009 |
| 300 ## - PHYSICAL DESCRIPTION | |
| Extent | eBook |
| 505 2# - FORMATTED CONTENTS NOTE | |
| Formatted contents note | 1 The Role of Cultures of Governments, Firms and Civil Society in Multinational Joint Ventures -- 2 Construction Projects as Joint Ventures:Issues of Culture and Risk -- 3 Culture and Workplace Behavior: A Case Study of Jointventure Construction Projects in Thailand -- 4 Ethics for Multinational JV Projects for Construction Work -- 5 Cooperative Relationships in Partnering Projects in Hong Kong -- 6 Co-opetition or Convenient Coalitions? - JV's for Indian Airports Redevelopment in the Context of the Infrastructure Sector -- 7 Alliancing in Australia - A Long Term JV? -- 8 Relationship Marketing for Sino-Singapore Joint Venture Industrial Parks in China -- 9 Influential Factors Impacting International Construction- The Case of Malaysian Contractors -- 10 Shari'ah Compliant Contract: A New Paradigm in Multi-National Joint Venture for Construction -- 11 Civil Liability of Construction Joint Ventures Under the Thai Legal System -- 12 Third Party Reviews and Trust Formation -- 13 Optimal Contract for PPP Projects Under Uncertainty: Hidden Action and Hidden Information Cases -- Appendix. Solution to The Optimal Contracting Problem -- 15 Appraising Policies on Joint Ventures for Construction Work in Malaysia -- 16 Goal Sets of International Construction Joint Ventures -- 17 The Effects of Migrant Workers on the Host Country -- 18 Investment Evaluation of Construction Projects Considering Geotechnical Risks -- 19 Investment of Multi-national Companies in Vietnam in the Field of Transport Infrastructure Construction: Potential and Challenges -- 20 Multi-layered Subcontracting System in Singapore's Construction Industry |
| 520 ## - SUMMARY, ETC. | |
| Summary, etc. | Contractual relationships in international joint venture projects can be affected by different cultural foundations, language barriers, political sensitivities, and the uncertainties and risks involved throughout the life of a construction project. Joint Ventures in Construction is the selected proceedings of a series of international conferences on multinational joint venture contracting for construction works, held each year since 2005. |
| 651 #4 - SUBJECT ADDED ENTRY--GEOGRAPHIC NAME | |
| Geographic name | ENGLAND AND WALES |
| 690 ## - LOCAL SUBJECT ADDED ENTRY--TOPICAL TERM (OCLC, RLIN) | |
| Topical term or geographic name as entry element | Procurement |
| 9 (RLIN) | 6260 |
| 856 40 - ELECTRONIC LOCATION AND ACCESS | |
| Uniform Resource Identifier | <a href="https://www.vlebooks.com/">https://www.vlebooks.com/</a> |
| Public note | View on VLEbooks. Logins for members only from [email protected] |
| 942 ## - ADDED ENTRY ELEMENTS (KOHA) | |
| Suppress in OPAC | 0 |
| Withdrawn status | Lost status | Source of classification or shelving scheme | Damaged status | Not for loan | Home library | Current library | Shelving location | Date acquired | Total Checkouts | Full call number | Barcode | Date last seen | Copy number | Price effective from | Koha item type |
|---|---|---|---|---|---|---|---|---|---|---|---|---|---|---|---|
| Dewey Decimal Classification | Virtual | Virtual | Online | 16/05/2011 | EBOOK | 152925-1001 | 06/08/2019 | 1 | 06/08/2019 | Book |